Дело об уплате в пользу городов Семипалатинской области оценочного сбора за казённые здания, занятые квартирами должностных лиц

Доступно только в Электронных читальных залах Найти на картеНа карте
RUSMARC
00004348nmc2a22000003x 450
0019bb16da6-bf21-4e7e-955a-e932e5dfa16f
00520210420220031.0
100##$a20190328l18731874k l0rusy0189 ca
1010#$arus
102##$aRU
2001#$aДело об уплате в пользу городов Семипалатинской области оценочного сбора за казённые здания, занятые квартирами должностных лиц
$j6 ноября 1873 г. - 15 марта 1874 г.
$hЧасть 52
251##$cДело
300##$aДело
300##$aОриг. заголовок дела: Дело об уплате в пользу городов Семипалатинской области за 1874 году оценочного сбора за квартиры, занимаемые в казённых зданиях должностными лицами. Часть 52. 6 ноября 1873 г. - 15 марта 1874 г
801#0$aRU
$bРГИА
$c20190328
$gRCR
801#1$aRU
$bГлавНИВЦ
$c20190328
$2rusmarc
801#2$aRU
$bПБ им. Б.Н. Ельцина
$c20210420
$gRCR
$2rusmarc
850##$aРГИА
852##$aРГИА
$eФедеральное казенное учреждение "Российский государственный исторический архив" (РГИА)
$j859
937##$hРГИА
$d12311513
$aASBIBLIO_SCAN
462#0$10014af67a45-48db-4e4b-9cc3-13b4608e89f1
$12001
$aДела Департамента полиции исполнительной МВД за 1873 год
$1251
$cОпись
$1852
$j34
$l1873 г.
461#0$10013e300ed0-cd39-49af-8489-5ba5b90fa401
$12001
$aДепартамент полиции исполнительной МВД
$1251
$cФонд
$1852
$j1286
215##$a4 л.
$d36,5х26 см
371##$aДокумент не является опубликованным и широко распространяемым
105##$ay###
1222#$ad
5171#$aДело об уплате в пользу городов Семипалатинской области за 1874 году оценочного сбора за квартиры, занимаемые в казённых зданиях должностными лицами. Часть 52. 6 ноября 1873 г. - 15 марта 1874 г
035##$a9bb16da6-bf21-4e7e-955a-e932e5dfa16f
856##$uhttp://readingroom.main.prlib.ru/item.aspx?id_node=n162809841&mode=full
Формат отображения